| 000 | 00940akm a2200361a 44500 | ||
|---|---|---|---|
| 008 | 991111s1999 cat | ||
| 041 | _acat | ||
| 080 | _a611.3(038) | ||
| 110 |
_aEDIGOL _968877 |
||
| 245 |
_aAparell digestiu _h[cartell] _cEdigol |
||
| 260 | _aBarcelona | ||
| 260 | _aEsplugues de Llobregat | ||
| 260 | _bEdigol | ||
| 260 | _bEditores Médicos | ||
| 260 | _c1999 | ||
| 300 | _bil. | ||
| 490 | _aLàmines d'Anatomia | ||
| 500 | _aImprès al dors del cartell "Aparell excretor" de la mateixa col·lecció | ||
| 500 | _btermcat | ||
| 520 | _a36 | ||
| 591 | _a6262 | ||
| 592 | _aObra terminològica | ||
| 593 | _aEAH | ||
| 594 | _a6262 | ||
| 650 |
_aaparell digestiu _960919 |
||
| 830 |
_aLàmines d'Anatomia _968878 |
||
| 901 | _c<1999> | ||
| 902 | _a991111 | ||
| 942 |
_cMO _n0 _2ddc |
||
| 999 |
_c58022 _d58022 |
||